Geography Quiz

Random Geography or State Quiz

Anywhere But US Capitals Quiz Stats

 Plays Quiz Updated Nov 4, 2017

Also try: US Capitals
Challenge
Share
Tweet
Score 0/73 Timer 06:00
8 Plays Today
% Correct
???
48.1%
???
46.6%
???
42%
???
41.4%
???
38.2%
???
37.1%
???
35.8%
???
35.2%
???
31.7%
???
31.6%
???
31.5%
???
28.6%
???
27.3%
???
25.2%
???
23.9%
???
23.7%
???
22.3%
???
21.3%
???
20.7%
???
20.6%
???
19.7%
???
19.1%
???
18.6%
???
18.3%
???
17.7%
???
17.7%
???
17.2%
???
17.1%
???
16.8%
???
16.8%
???
16.6%
???
16.1%
???
15.7%
???
15.7%
???
15.7%
???
15.4%
???
15.4%
% Correct
???
15.4%
???
14.8%
???
14.8%
???
14.8%
???
14.5%
???
14.5%
???
14.2%
???
14%
???
13.7%
???
13.2%
???
13.1%
???
12.9%
???
12.9%
???
11.9%
???
11.8%
???
11.1%
???
11.1%
???
10.6%
???
10.4%
???
10.4%
???
10%
???
10%
???
9.8%
???
9%
???
9%
???
8.6%
???
8.1%
???
8%
???
8%
???
7.4%
???
7.4%
???
7.2%
???
6.8%
???
6.7%
???
5.3%
???
5%

You're not logged in!

Compare scores with friends on all Sporcle quizzes.
OR
Log In

You Might Also Like...

Show Comments

Extras

Top Quizzes Today


Score Distribution

Your Account Isn't Verified!

In order to create a playlist on Sporcle, you need to verify the email address you used during registration. Go to your Sporcle Settings to finish the process.

Report this User

Report this user for behavior that violates our Community Guidelines.

Details: